000 00401nam a2200157Ia 4500
008 230917s9999||||xx |||||||||||||| ||und||
020 _cRS250
040 _e33897
_aMAIN
041 _aEnglish
082 _a822.09 I2I
100 _aDodia, Joyadip Singh, ed.
245 0 _aIndian English drama: Critical perspectives
260 _aNew Delhi
_bSarup & Sons
_c2000
300 _a121 p.
942 _cBK
999 _c108863
_d108863